| 000 | 00580nmc a2200241 a 4500 | ||
|---|---|---|---|
| 003 | AR-BaBNM | ||
| 005 | 20251128202858.0 | ||
| 008 | 048019s1964 ||||||||||||||000 | spa|| | ||
| 040 | _cAR-BaBNM | ||
| 100 | 1 | _aOcantos, Carlos MarĂa | |
| 245 | 1 | 0 | _aQuilito |
| 260 |
_aBuenos Aires _bEudeba _c1964 |
||
| 300 | 0 | _a238 p. | |
| 490 | 0 |
_aSerie del siglo y medio _vv. 61 |
|
| 650 | 4 | _aLITERATURA ARGENTINA | |
| 650 | 4 | _aREALISMO | |
| 650 | 4 | _aGENERACION DE 1880 | |
| 650 | 4 | _aNOVELAS | |
| 650 | 4 | _aSIGLO DIECINUEVE | |
| 655 | _aLITERATURA | ||
| 942 | _cBK | ||
| 998 | _cMARTIN | ||
| 999 |
_c1011 _d1011 |
||